00983nam a2200241 a 4500001001000000003000400010005001700014008004100031020001800072040002500090082001900115245019400134260003500328300004300363504003200406650006200438650005300500650004000553650005400593650002000647700002600667710004800693000033135OSt20201117144254.0090904s2011 dr abc 000 0 spa d a9789945875485 aDO-SdBNPbspacBNPHU a325.7294bI57h00aInmigrantes haitianos y mercado laboral :bestudios sobre los trabajadores de la construcción y de la producción del guineo en República Dominicana /cFrank Báez Evertsz... [et.al]. aSanto Domingo :bOMLAD,c2011. a223 p. :bil., gráf.,mapas ;c26 cm. aBibliografía : p. 209-223 4aTrabajadores de la construcciónzRepública Dominicana 4aTrabajadores agrícolaszRepública Dominicana 4aHaitianos en república dominicana 4aProducción agropecuariazRepública Dominicana 4aBananoxCultivo12aBáez Evertsz, Frank2 aObservatorio del Mercado Laboral Dominicano